Name all Paper Mario Partners - Statistics

General Stats
  • This quiz has been taken 50 times
  • The average score is 20 of 39
Answer Stats
Hint Answer % Correct
Lady Bow
92%
Paper Mario TTYD Goombella
87%
Koops
82%
Paper Mario Goombario
79%
Bombette
74%
Parakarry
74%
Bowser
71%
Madame Flurrie
71%
Origami King Olivia
71%
Yoshi
71%
Bobby
68%
Colour Splash Huey
68%
Ms. Mowz
68%
Vivian
68%
Admiral Bobbery
66%
Sticker Star Kersti
66%
Kooper
61%
Sushie
61%
Super Paper Mario Tippi
58%
Professor Toad
55%
Kamek
53%
Lakilester
53%
Watt
53%
Bowser Jr.
50%
Luigi
47%
Boomer
34%
Carrie
34%
Dottie
34%
Piccolo
29%
Thoreau
29%
Tiptron
29%
Cudge
26%
Fleep
26%
Thudley
26%
Barry
24%
Dashell
24%
Slim
24%
Spike
21%
Bone Goomba
16%
No matching quizzes found
Score Distribution
Percent of People with Each Score
Percentile by Number Answered
Your Score History
You have not taken this quiz